Personnes célèbres de l'Auvergne Rhône-Alpes par images - Statistiques

Statistiques générales
  • Ce quiz a été pris 10 173 fois
    10 086 depuis la dernière actualisation
  • Le résultat moyen est 10 sur 16
Statistiques - réponses
Par images Réponse % Correct
Stéphane Bern
92%
Florence Foresti
89%
Karim Benzema
89%
Laure Manaudou
81%
Amixem
80%
Georges Pompidou
77%
Mimie Mathy
75%
Claire Chazal
70%
Vercingétorix
69%
Muriel Robin
63%
Nathalie Arthaud
49%
Antoine de Saint-Exupéry
45%
Audrey Tautou
45%
Benjamin Biolay
45%
André Manoukian
41%
Jeannie Longo
33%
Aucun quiz correspondant
Distribution des résultats
% des personnes avec chaque résultat
Percentile par nombre de réponses
Votre historique - résultats
Vous n’avez pas pris ce quiz depuis la dernière actualisation